| 000 | 00553cab a2200193 4500 | ||
|---|---|---|---|
| 001 | A30 | ||
| 008 | 090401t1990 xxu||||| |||| 00| 0 eng d | ||
| 035 | _a(Sirsi) u31780 | ||
| 041 | _aeng | ||
| 100 | _aWannop, Urlan | ||
| 245 | 4 | _aThe Glasgow Eastern Area Renewal (GEAR) project. A perspective on the management of urban regeneration | |
| 260 | _c1990 | ||
| 350 | _a0 | ||
| 490 |
_aTown Planning Review _v61(4) October 1990, 455-474(20) |
||
| 650 | _aGLASGOW EASTERN AREA RENEWAL | ||
| 690 | _aURBAN RENEWAL | ||
| 942 | _n0 | ||
| 948 | _c04/03/1997 | ||
| 999 |
_c21334 _d21334 |
||